| 000 | 00739nam a2200241 4500 | ||
|---|---|---|---|
| 001 | 24392 | ||
| 010 | _a9789898657008 | ||
| 010 | _a9789898657015 | ||
| 010 | _a9789898657022 | ||
| 090 | _a24392 | ||
| 100 | _a20170330 frey50 | ||
| 200 |
_aOs Lusíadas _fLuís de Camões _gJosé Luís Peixoto |
||
| 210 |
_a[s.l.] _cVerso da História _d2013 |
||
| 215 |
_a3 vol. [56, 56, 56] p. _d25 cm |
||
| 304 | _aContém: Conto a partir do canto I, Canto II e Canto III por José Luís Peixoto | ||
| 606 |
_9185 _aLiteratura infantil |
||
| 606 |
_9187 _aHistórias para crianças |
||
| 675 | _a8:087.5 | ||
| 700 |
_4070 _9314 _aCamões _bLuís de |
||
| 701 |
_4070 _9315 _aPeixoto _bJosé Luís |
||
| 801 |
_aPT _gRPC |
||
| 990 | _cLIVROS | ||
| 994 | _aCOMP | ||